书目信息 |
| 题名: |
化工系统工程理论研究
|
|
| 作者: | 王红星 著 | |
| 分册: | ||
| 出版信息: | 天津 天津科学技术出版社 2020.8 |
|
| 页数: | 195页 | |
| 开本: | 24cm | |
| 丛书名: | ||
| 单 册: | ||
| 中图分类: | TQ021.8 | |
| 科图分类: | ||
| 主题词: | 化工过程--系统工程--研究 | |
| 电子资源: | ||
| ISBN: | 978-7-5576-8457-0 | |
| 000 | 01039nam0 2200241 45 | |
| 001 | 012001000189 | |
| 005 | 20140910163417.0 | |
| 010 | @a978-7-5576-8457-0@dCNY58.00 | |
| 100 | @a20210423d2020 em y0chiy50 ea | |
| 101 | 0 | @achi |
| 102 | @aCN@b120000 | |
| 105 | @aa az 000yy | |
| 106 | @ar | |
| 200 | 1 | @a化工系统工程理论研究@Ahua gong xi tong gong cheng li lun yan jiu@f王红星著 |
| 210 | @a天津@c天津科学技术出版社@d2020.8 | |
| 215 | @a195页@c图@d24cm | |
| 320 | @a有书目 (第194-195页) | |
| 330 | @a本书以化工系统工程理论为主线,以数学建模、计算机辅助技术、图形化方法为工具,灵活运用化学工程和系统工程等相关知识解决化工问题,形成了从理论到应用的知识和方法体系。本书内容专业,条理清晰,排版规范,具有较高的阅读价值。最值得一提的是本书的作者致力于化工系统工程的理论研究多年,对化工方面理论的新进展有着独到的见解,同时该作者积极投身于教育事业,从学生的角度出发。 | |
| 606 | 0 | @a化工过程@x系统工程@x研究 |
| 690 | @aTQ021.8@v5 | |
| 701 | 0 | @a王红星@Awang hong xing@4著 |
| 801 | 0 | @aCN@bBJSDL@c20211011 |
| 905 | @b1330726-9@dTQ021.8@e575@f4 | |
| 化工系统工程理论研究/王红星著.-天津:天津科学技术出版社,2020.8 |
| 195页:图;24cm |
| ISBN 978-7-5576-8457-0:CNY58.00 |
| 本书以化工系统工程理论为主线,以数学建模、计算机辅助技术、图形化方法为工具,灵活运用化学工程和系统工程等相关知识解决化工问题,形成了从理论到应用的知识和方法体系。本书内容专业,条理清晰,排版规范,具有较高的阅读价值。最值得一提的是本书的作者致力于化工系统工程的理论研究多年,对化工方面理论的新进展有着独到的见解,同时该作者积极投身于教育事业,从学生的角度出发。 |
| ● |
| 相关链接 |
|
|
|
|
正题名:化工系统工程理论研究
索取号:TQ021.8/575
 
预约/预借
| 序号 | 登录号 | 条形码 | 馆藏地/架位号 | 状态 | 备注 |
| 1 | 1330726 | 213307269 | 第二样本阅览室/ [索取号:TQ021.8/575] | 在馆 | |
| 2 | 1330727 | 213307278 | 第三借阅区/ [索取号:TQ021.8/575] | 在馆 | |
| 3 | 1330728 | 213307287 | 第三借阅区/ [索取号:TQ021.8/575] | 在馆 | |
| 4 | 1330729 | 213307296 | 第三借阅区/ [索取号:TQ021.8/575] | 在馆 |